<?xml version="1.0" encoding="UTF-8"?>
<record
    xmlns:xsi="http://www.w3.org/2001/XMLSchema-instance"
    xsi:schemaLocation="http://www.loc.gov/MARC21/slim http://www.loc.gov/standards/marcxml/schema/MARC21slim.xsd"
    xmlns="http://www.loc.gov/MARC21/slim">

  <leader>01068nam a2200241Ia 4500</leader>
  <controlfield tag="003">IN-BaIIA</controlfield>
  <controlfield tag="008">211028s9999    xx            000 0 eng d</controlfield>
  <datafield tag="020" ind1=" " ind2=" ">
    <subfield code="a">0-521-41984-0</subfield>
  </datafield>
  <datafield tag="040" ind1=" " ind2=" ">
    <subfield code="c">IIA Library</subfield>
  </datafield>
  <datafield tag="080" ind1=" " ind2=" ">
    <subfield code="a">524.5(063)</subfield>
    <subfield code="b">EVO</subfield>
  </datafield>
  <datafield tag="111" ind1=" " ind2=" ">
    <subfield code="a">International Conference on Evolution of Interstellar Matter and Dynamics of Galaxies</subfield>
    <subfield code="c">Czech Republic</subfield>
    <subfield code="d">1991 May 21-25</subfield>
    <subfield code="9">18040</subfield>
  </datafield>
  <datafield tag="245" ind1=" " ind2="0">
    <subfield code="a">Evolution of interstellar matter and dynamics of galaxies</subfield>
    <subfield code="b">proceedings of the International conference Prague, Czech Republic, 21-25 May 1991</subfield>
    <subfield code="c">edited by Jan Palous, W. Butler Burton and Per Olof Lindblad                                                 </subfield>
  </datafield>
  <datafield tag="260" ind1=" " ind2=" ">
    <subfield code="a">Cambridge</subfield>
    <subfield code="b">Cambridge University Press</subfield>
    <subfield code="c">1992</subfield>
  </datafield>
  <datafield tag="300" ind1=" " ind2=" ">
    <subfield code="a">xviii, 420p.</subfield>
  </datafield>
  <datafield tag="490" ind1=" " ind2=" ">
    <subfield code="a">Center for theoretical study, workshop; no. 1</subfield>
  </datafield>
  <datafield tag="650" ind1=" " ind2=" ">
    <subfield code="a">Astronomy and astrophysics thesaurus</subfield>
  </datafield>
  <datafield tag="650" ind1=" " ind2=" ">
    <subfield code="a">Galactic dynamics</subfield>
    <subfield code="9">1517</subfield>
  </datafield>
  <datafield tag="650" ind1=" " ind2=" ">
    <subfield code="a">Interstellar matter</subfield>
    <subfield code="9">1189</subfield>
  </datafield>
  <datafield tag="700" ind1=" " ind2=" ">
    <subfield code="a">Burton, W. Butler, ed.</subfield>
    <subfield code="9">18041</subfield>
  </datafield>
  <datafield tag="700" ind1=" " ind2=" ">
    <subfield code="a">Lindblad, Per Olof., ed.</subfield>
    <subfield code="9">18042</subfield>
  </datafield>
  <datafield tag="700" ind1=" " ind2=" ">
    <subfield code="a">Palous, Jan, ed.</subfield>
    <subfield code="9">18043</subfield>
  </datafield>
  <datafield tag="942" ind1=" " ind2=" ">
    <subfield code="c">BK</subfield>
  </datafield>
  <datafield tag="999" ind1=" " ind2=" ">
    <subfield code="c">10578</subfield>
    <subfield code="d">10578</subfield>
  </datafield>
  <datafield tag="952" ind1=" " ind2=" ">
    <subfield code="0">0</subfield>
    <subfield code="1">0</subfield>
    <subfield code="4">0</subfield>
    <subfield code="7">0</subfield>
    <subfield code="a">BAN</subfield>
    <subfield code="b">BAN</subfield>
    <subfield code="c">GEN</subfield>
    <subfield code="d">1993-02-02</subfield>
    <subfield code="g">2331.00</subfield>
    <subfield code="l">0</subfield>
    <subfield code="o">524.5(063)/ EVO</subfield>
    <subfield code="p">11489</subfield>
    <subfield code="r">2021-11-05</subfield>
    <subfield code="v">2331.00</subfield>
    <subfield code="w">1993-02-02</subfield>
    <subfield code="y">BK</subfield>
    <subfield code="G">Rs. 2331.00</subfield>
  </datafield>
</record>
